000
00333nam a2200157Ia 4500
100
_a
Witten/Ian H
942
_c
BK
366
_f
17.5
654
_a
data mining
245
_a
Data Mining:Practical Machine learning
260
_b
Elsevier
_c
2005
082
_a
005.74/WIT
_b
WIT
300
_a
524
546
_a
ENGLISH
999
_c
30882
_d
30882